| Registos Bibliográficos associados ao registo de autoridade |
|
Etiqueta de registo: 00655cam 022002171 04500 001 413882 003 http://id.bnportugal.gov.pt/bib/catbnp/413882 005 19990520174400.0 095 ## $aPTBN00442509 100 ## $a19880322d1517 k y0pory0103 ba 101 0# $alat 102 ## $aFR 106 ## $ar 200 1# $aQuestiones in quartum sententiarum presertim circa Sacramenta Magistri Hadriani Florentii
Traiecten[sis]... 210 #9 $a[Paris]$cvenundantur in edibus Jodoci Badij,$d[1517] 215 ## $aCXXXIX f.$d2º (26 cm) 307 ## $aTexto a 2 colns. 307 ## $aCapitais iniciais ornamentadas 316 ## $aEncadernação em pergaminho$5PTBN: RES. 1202 V. 321 1# $aMoreau, B. Inventaire II 1504 620 ## $dParis 702 #1 $aBade,$bJosse,$f1462-1536$4610$35552 710 02 $aIgreja Católica.$bPapa,$c1522-1523 (Adriano VI)$32181 801 #0 $aPT$bBN$gRPC 966 ## $lBN$mRESIMP$sRES. 1202 V. 966 ## $lBN$mRESIMP$sRES. 1781 V. 997 ## $aBIBEOD 998 ## $a2-902-172
Etiqueta de registo: 00573cam 22002051 450 001 413881 003 http://id.bnportugal.gov.pt/bib/catbnp/413881 005 19981231000000.0 095 ## $aPTBN00442508 100 ## $a19880318d1528 k y0pory0103 ba 101 0# $alat 102 ## $aFR$bParis 200 1# $aQuestiones in Quartum Sententiarum 210 #9 $aParisiis$cveneunt Ioanni Parvo,$d1528 215 ## $d8 300 ## $aMoreau, B. Inventaire III 1352. 702 #1 $aPetit,$bJean,$c[I],$ffl. 1492-1530$4610$3175022 710 02 $aIgreja Católica.$bPapa,$c1522-1523 (Adriano VI)$32181 801 #0 $aPT$bBN$gRPC 966 ## $lBN$mFGMON$sR. 3870 A. 997 ## $aBIBEOD 998 ## $a2-902-171
Etiqueta de registo: 00591cam 22002051 450 001 413880 003 http://id.bnportugal.gov.pt/bib/catbnp/413880 005 19981231000000.0 095 ## $aPTBN00442507 100 ## $a19880318d1525 k y0pory0103 ba 101 0# $alat 102 ## $aFR$bParis 200 1# $aQuestiones in Quartum Sententiarum presertim circa Sacramenta 210 #9 $a[Paris$cHémon Le Févre],$d1525 215 ## $d2 300 ## $aMoreau, B. Inventaire III 758. 702 #1 $aLe Fèvre,$bHémon,$ffl. 1509-1525$4610$3469613 710 02 $aIgreja Católica.$bPapa,$c1522-1523 (Adriano VI)$32181 801 #0 $aPT$bBN$gRPC 966 ## $lBN$mFGMON$sR. 3841//1 A. 997 ## $aBIBEOD 998 ## $a2-902-170
Etiqueta de registo: 00566cam 22002051 450 001 413878 003 http://id.bnportugal.gov.pt/bib/catbnp/413878 005 19981231000000.0 095 ## $aPTBN00442505 100 ## $a19880318d1522 k y0pory0103 ba 101 0# $alat 102 ## $aIT$bRoma 200 1# $aQuaestione de Sacramentis in quartum Sententiarum librum. 210 #9 $aRomae$cEx offic. Marcelli,$d1522 215 ## $d2 300 ## $aAdams A 162. 710 02 $aIgreja Católica.$bPapa,$c1522-1523 (Adriano VI)$32181 712 00 $aMARCELLI,$c(Officina$4610$3414043 801 #0 $aPT$bBN$gRPC 966 ## $lBN$mFGMON$sR. 189 V. 997 ## $aBIBEOD 998 ## $a2-902-168
Etiqueta de registo: 00713cac 22001931 450 001 413879 003 http://id.bnportugal.gov.pt/bib/catbnp/413879 005 19981231000000.0 095 ## $aPTBN00442506 100 ## $a19880318d1522 k y0pory0103 ba 101 0# $alat 102 ## $aIT$bVeneza 200 1# $aIn Quartum Sententiarum librum editio exactissima 210 #9 $aImpresse Venetiis$ciussu et sumptibus Jordani de Dinslaken,$d1522 215 ## $d2 481 #1 $1001413818$aIgreja Católica.Papa,1522-1523 (Adriano VI)$cVenetiis.mandato et expensis Luceantonii de Giunta,$d1522$tQuaestiones quodlibeticae$5PTBN: R. 200//2 V. 702 #0 $aJordanus$cde Dinslaken,$f1504-1522$4610$3414044 710 02 $aIgreja Católica.$bPapa,$c1522-1523 (Adriano VI)$32181 801 #0 $aPT$bBN$gRPC 966 ## $lBN$mFGMON$sR. 200 V. 997 ## $aBIBEOD 998 ## $a2-902-169
Etiqueta de registo: 00616cam 22002171 450 001 413820 003 http://id.bnportugal.gov.pt/bib/catbnp/413820 005 19981231000000.0 095 ## $aPTBN00442448 100 ## $a19880311d1515 k y0pory0103 ba 101 0# $alat 102 ## $aNL$bLovaina 200 0# $aQuestiones quotlibetice 210 #9 $aLouanii$cvenudätur in aedibus Tbeodoric Martin Alustensis,$d1515 215 ## $d2º 300 ## $aAdams A 165 500 10 $aQuaestiones quodlibeticae 702 #1 $aMartens,$bThierry,$ffl. 1493-1528$4610$31236310 710 02 $aIgreja Católica.$bPapa,$c1522-1523 (Adriano VI)$32181 801 #0 $aPT$bBN$gRPC 966 ## $lBN$mFGMON$sR. 2702 A. 997 ## $aBIBEOD 998 ## $a2-902-113
Etiqueta de registo: 00739cac 22002051 450 001 413818 003 http://id.bnportugal.gov.pt/bib/catbnp/413818 005 19990820095200.0 095 ## $aPTBN00442446 100 ## $a19880311d1522 k y0pory0103 ba 101 0# $alat 102 ## $aIT$bVeneza 200 1# $aQuaestiones quodlibeticae 210 #9 $aVenetiis$cmandato et expensis Luceantonii de Giunta,$d1522 215 ## $d2 300 ## $aNUC NH 13062 482 #1 $1001413879$aIgreja Católica.-Papa,-1522-1523 (Adriano VI)$cImpresse Venetiis.iussu et sumptibus Jordani de Dinslaken,$d1522$tIn Quartum Sententiarum librum editio exactissima$5PTBN: R. 200//1 V. 702 #1 $aGiunta,$bLucantonio,$cI,$f1489-1538$4610$371162 710 02 $aIgreja Católica.$bPapa,$c1522-1523 (Adriano VI)$32181 801 #0 $aPT$bBN$gRPC 997 ## $aBIBEOD 998 ## $a2-902-111
Etiqueta de registo: 00597cam 22002171 450 001 413817 003 http://id.bnportugal.gov.pt/bib/catbnp/413817 005 20010417090900.0 095 ## $aPTBN00442445 100 ## $a19880311d1522 k y0pory0103 ba 101 0# $alat 102 ## $aFR$bParis 200 1# $aQuodlibeticae quaestiones 210 #9 $a[Paris$cJehan Frellon,$dca. 1522] 215 ## $d2 300 ## $aMoreau, B. Inventaire III 248 500 10 $aQuestiones quodlibeticae 702 #1 $aFrellon,$bJean$ffl. 1508-1529$4610$398700 710 02 $aIgreja Católica.$bPapa,$c1522-1523 (Adriano VI)$32181 801 #0 $aPT$bBN$gRPC 966 ## $lBN$mFGMON$sR. 3841//2 A. 997 ## $aBIBEOD 998 ## $a2-902-110
Etiqueta de registo: 00615cam 22002171 450 001 413815 003 http://id.bnportugal.gov.pt/bib/catbnp/413815 005 19981231000000.0 095 ## $aPTBN00442443 100 ## $a19880311d1546 k y0pory0103 ba 101 0# $alat 102 ## $aFR$bLiäo 200 1# $aQuaestiones duodecim Quodlibeticae 210 #9 $aLugduni$capud Iacobum Gionta,$d1546 215 ## $d8 300 ## $aBaudrier VI, 216 500 10 $aQuaestiones quodlibeticae duodecim 702 #1 $aGiunta,$bJacques,$ffl. 1486-1546$4610$3180272 710 02 $aIgreja Católica.$bPapa,$c1522-1523 (Adriano VI)$32181 801 #0 $aPT$bBN$gRPC 966 ## $lBN$mFGMON$sR. 21564 P. 997 ## $aBIBEOD 998 ## $a2-902-108
Etiqueta de registo: 00575cam 22002051 450 001 413816 003 http://id.bnportugal.gov.pt/bib/catbnp/413816 005 19981231000000.0 095 ## $aPTBN00442444 100 ## $a19880311d1527 k y0pory0103 ba 101 0# $alat 102 ## $aFR$bParis 200 1# $aQuaestiones quodlibeticae XII 210 #9 $aParis$cClaude Chevallon,$d1527 215 ## $d8º 300 ## $aMoreau, B. Inventaire III III6 702 #1 $aChevallon,$bClaude,$ffl. 1506-1537$4610$3414015 710 02 $aIgreja Católica.$bPapa,$c1522-1523 (Adriano VI)$32181 801 #0 $aPT$bBN$gRPC 966 ## $lBN$mFGMON$sR. 15936 P. 997 ## $aBIBEOD 998 ## $a2-902-109
Etiqueta de registo: 00620cam 022002171 04500 001 224629 003 http://id.bnportugal.gov.pt/bib/catbnp/224629 005 19981202114000.0 095 ## $aPTBN00232939 100 ## $a19890311d1515 k y0pory0103 ba 101 0# $alat 102 ## $aNL$bLovaina 200 0# $aQuestiones quotlibetice 210 #9 $aLouanii$cvenudätur in aedibus Tbeodoric Martin Alustensis,$d1515 215 ## $d2º 300 ## $aAdams A 165 518 1# $aQuaestiones quodlibeticae 702 #1 $aMartens,$bThierry,$ffl. 1493-1528$4610$31236310 710 02 $aIgreja Católica.$bPapa,$c1522-1523 (Adriano VI)$32181 801 #0 $aPT$bBN$gRPC 966 ## $lBN$mFGMON$sR. 2702 A. 997 ## $aBIBEOD 998 ## $aCR902 - 00213
Etiqueta de registo: 00619cam 022002171 04500 001 224622 003 http://id.bnportugal.gov.pt/bib/catbnp/224622 005 19981202114000.0 095 ## $aPTBN00232932 100 ## $a19880611d1546 k y0pory0103 ba 101 0# $alat 102 ## $aFR$bLião 200 1# $aQuaestiones duodecim Quodlibeticae 210 #9 $aLugduni$capud Iacobum Gionta,$d1546 215 ## $d8 300 ## $aBaudrier VI, 216 518 1# $aQuaestiones quodlibeticae duodecim 702 #1 $aGiunta,$bJacques,$ffl. 1486-1546$4610$3180272 710 02 $aIgreja Católica.$bPapa,$c1522-1523 (Adriano VI)$32181 801 #0 $aPT$bBN$gRPC 966 ## $lBN$mFGMON$sR. 21564 P. 997 ## $aBIBEOD 998 ## $aCR902 - 00208
Etiqueta de registo: 00601cam 022002171 04500 001 224624 003 http://id.bnportugal.gov.pt/bib/catbnp/224624 005 20010417090900.0 095 ## $aPTBN00232934 100 ## $a19890311d1522 k y0pory0103 ba 101 0# $alat 102 ## $aFR$bParis 200 1# $aQuodlibeticae quaestiones 210 #9 $a[Paris$cJehan Frellon,$dca. 1522] 215 ## $d2 300 ## $aMoreau, B. Inventaire III 248 518 1# $aQuestiones quodlibeticae 702 #1 $aFrellon,$bJean$ffl. 1508-1529$4610$398700 710 02 $aIgreja Católica.$bPapa,$c1522-1523 (Adriano VI)$32181 801 #0 $aPT$bBN$gRPC 966 ## $lBN$mFGMON$sR. 3841//2 A. 997 ## $aBIBEOD 998 ## $aCR902 - 00210
Etiqueta de registo: 00254nam 2200025 450 001 2284714 003 http://id.bnportugal.gov.pt/bib/catbnp/2284714 100 ## $a20260417d1546 m y0pory01030103ba 101 0# $alat 102 ## $aFR 105 ## $ay z 000yy 106 ## $ar 200 1# $aHadriani Sexti Pontificis Maximi, Quaestiones duodecim quodlibeticae$fhis additae sunt aliae item quinq[ue] Quaestiones Quodlibeticae doctissimi uiri, atq[ue]
Theologi, Ioannis Briardi Athensis...$enunc demum sublatis mendis, castigatissimae in lucem prodeunt 210 #9 $aLugduni$capud Gulielmum Rouilium,$d1546 215 ## $a[16], 328 f.$d8º 305 ## $aExiste emissão homóloga, do mesmo ano e local, por Iacobum Gionta 306 ## $aMarca do impressor na f. de rosto 307 ## $aAssin.: aa-bb//8, a-z//8, A-S//8 321 ## $aBaudrier IX 129 321 ## $aICCU IT\ICCU\PUVE\014174 500 10 $aQuaestiones duodecim quodlibeticae 517 1# $aQuaestiones Quodlibeticae 620 ## $dLyon 701 #1 $aBriard,$bJean,$f1460-1520$4070$31996225 702 #1 $aRouillé,$bGuillaume,$ffl. 1545-1589$4610$3502076 710 02 $aIgreja Católica.$bPapa,$c1522-1523 (Adriano VI)$32181 801 #0 $aPT$bBN$gRPC 856 40 $2Cópia digital disponível em Google Books$uhttps://books.google.cz/books?id=EcxjAAAAcAAJ&hl=pt-PT&pg=PP3#v=onepage&q&f=false 966 ## $lBN$mFGMON$sR. 1764 P. 971 ## $cpmesqui$d20260417 997 ## $aBIBEOD
Etiqueta de registo: 00254nam 2200025 450 001 2284709 003 http://id.bnportugal.gov.pt/bib/catbnp/2284709 100 ## $a20260417d1547 m y0pory01030103ba 101 0# $alat 102 ## $aFR 105 ## $ay z 000yy 106 ## $ar 200 1# $aHadriani Sexti Pontificis Maximi, Quaestiones duodecim quodlibeticae$fhis additae sunt aliae item quinq[ue] Quaestiones Quodlibeticae doctissimi uiri, atq[ue]
Theologi Ioannis Briardi Athensis...$enunc demum sublatis mendis, castigatissimae in lucem prodeunt 210 #9 $aLugduni$capud Gulielmum Rouilium,$d1547 215 ## $a[16], 328 f.$d8º 305 ## $aExiste emissão homóloga, do mesmo ano e local, por Iacobum Gionta 306 ## $aMarca do impressor na f. de rosto 307 ## $aAssin.: aa-bb//8, a-z//8, A-S//8 321 ## $aBaudrier IX 134 321 ## $aICCU IT\ICCU\PBEE\022288 321 ## $aCCBE S. XVI, A, 189 500 10 $aQuaestiones duodecim quodlibeticae 517 1# $aQuaestiones Quodlibeticae 620 ## $dLyon 701 #1 $aBriard,$bJean,$f1460-1520$4070$31996225 702 #1 $aRouillé,$bGuillaume,$ffl. 1545-1589$4610$3502076 710 02 $aIgreja Católica.$bPapa,$c1522-1523 (Adriano VI)$32181 801 #0 $aPT$bBN$gRPC 856 40 $2Cópia digital disponível em DIGIBUG - Repositorio Institucional de la Universidad
de Granada$uhttp://hdl.handle.net/10481/9388 966 ## $lBN$mFGMON$sR. 1763 P. 966 ## $lBN$mFGMON$sR. 15868 P. 966 ## $lBN$mFGMON$sR. 23527 P. 966 ## $lBN$mFGMON$sR. 24015 P. 971 ## $cpmesqui$d20260417 997 ## $aBIBEOD
Etiqueta de registo: 00254nam 2200025 450 001 2284662 003 http://id.bnportugal.gov.pt/bib/catbnp/2284662 100 ## $a20260417d1530 m y0pory01030103ba 101 0# $alat 102 ## $aFR 105 ## $ay z 000yy 106 ## $ar 200 1# $aHadriani Sexti Pontificis Maximi, Quaestiones in quartu[m] Sente[n]tiaru[m] Vbi sacramentorum
materia exactissime tractatur 210 #9 $aParisiis$cex officina Claudii Cheuallonii sub Sole aureo in via Iacobea,$d1530 215 ## $a438, [6] f.$d8º 306 ## $aMarca do impressor na f. de rosto 306 ## $aNo cólofon: "Apud inclytam Parisiorum Lutetiam, ex officina Claudij cheuallonij. Anno
gratie. 1530. mense Martio" 307 ## $aAssin.: a-z//8, A-Z//8, AA-II//8, KKK//4 321 ## $aMoreau, B. Inventaire III 1961 321 ## $aBnF FRBNF31701595 321 ## $aUSTC 146190 500 10 $aQuaestiones in quartum sententiarum ubi sacramentorum materia exactissime tractatur 620 ## $dParis 702 #1 $aChevallon,$bClaude,$ffl. 1506-1537$4610$3414015 710 02 $aIgreja Católica.$bPapa,$c1522-1523 (Adriano VI)$32181 801 #0 $aPT$bBN$gRPC 856 40 $2Cópia digital disponível em Google Books$uhttps://books.google.pt/books?id=O8_6ugSO7acC&hl=pt-PT&pg=SL177-PA1#v=onepage&q&f=false 966 ## $lBN$mFGMON$sR. 1761 P. 966 ## $lBN$mFGMON$sR. 7163 P. 966 ## $lBN$mFGMON$sR. 23513 P. 971 ## $cpmesqui$d20260417 997 ## $aBIBEOD
|
|
|